Secure coding : (Record no. 218177)

000 -LEADER
fixed length control field 01124 a2200265 4500
003 - CONTROL NUMBER IDENTIFIER
control field Nust
005 - DATE AND TIME OF LATEST TRANSACTION
control field 20221018123515.0
010 ## - LIBRARY OF CONGRESS CONTROL NUMBER
LC control number 2004296887
020 ## - INTERNATIONAL STANDARD BOOK NUMBER
International Standard Book Number 0596002424
020 ## - INTERNATIONAL STANDARD BOOK NUMBER
International Standard Book Number 81-7366-721-7
035 ## - SYSTEM CONTROL NUMBER
System control number (OCoLC)ocm51964657
040 ## - CATALOGING SOURCE
Transcribing agency Nust
082 00 - DEWEY DECIMAL CLASSIFICATION NUMBER
Classification number 005.8,GRA
100 1# - MAIN ENTRY--PERSONAL NAME
Personal name Graff, Mark.
9 (RLIN) 100606
245 10 - TITLE STATEMENT
Title Secure coding :
Remainder of title principles and practices /
Statement of responsibility, etc. Mark G. Graff and Kenneth R. van Wyk.
260 ## - PUBLICATION, DISTRIBUTION, ETC.
Place of publication, distribution, etc. Beijing ;
-- Cambridge :
Name of publisher, distributor, etc. O'Reilly,
Date of publication, distribution, etc. 2003.
300 ## - PHYSICAL DESCRIPTION
Extent xx, 202 p. :
Other physical details ill. ;
Dimensions 23 cm.
505 ## - FORMATTED CONTENTS NOTE
Formatted contents note No Straight Thing (Page-1), Architecture (Page-30), Design (Page-55), Implementation (Page-99), Operations (Page-124), Automation and Testing (Page-154).
650 #0 - SUBJECT ADDED ENTRY--TOPICAL TERM
Topical term or geographic name entry element Computer security.
9 (RLIN) 570
700 1# - ADDED ENTRY--PERSONAL NAME
Personal name Van Wyk, Kenneth R.
9 (RLIN) 100607
856 42 - ELECTRONIC LOCATION AND ACCESS
Materials specified Contributor biographical information
Uniform Resource Identifier <a href="http://www.loc.gov/catdir/enhancements/fy0915/2004296887-b.html">http://www.loc.gov/catdir/enhancements/fy0915/2004296887-b.html</a>
856 42 - ELECTRONIC LOCATION AND ACCESS
Materials specified Publisher description
Uniform Resource Identifier <a href="http://www.loc.gov/catdir/enhancements/fy0715/2004296887-d.html">http://www.loc.gov/catdir/enhancements/fy0715/2004296887-d.html</a>
856 42 - ELECTRONIC LOCATION AND ACCESS
Materials specified Table of contents only
Uniform Resource Identifier <a href="http://www.loc.gov/catdir/enhancements/fy1010/2004296887-t.html">http://www.loc.gov/catdir/enhancements/fy1010/2004296887-t.html</a>
942 ## - ADDED ENTRY ELEMENTS (KOHA)
Source of classification or shelving scheme
Koha item type Book
Call number prefix 005.8,GRA
Holdings
Withdrawn status Lost status Source of classification or shelving scheme Damaged status Not for loan Permanent Location Current Location Shelving location Date acquired Full call number Barcode Date last seen Price effective from Koha item type Public note
          Military College of Signals (MCS) Military College of Signals (MCS) General Stacks 12/12/2016 005.8,GRA MCS37464 11/14/2022 12/12/2016 Book Almirah No.9, Shelf No.1
© 2023 Central Library, National University of Sciences and Technology. All Rights Reserved.